00803nam a2200253 a 450000100060000000300080000600500170001400800390003102000250007002000250009502000250012002000250014503500190017004000270018904100080021608200240022424500840024825000120033226000310034430000570037550400520043265000230048470000420050725575BD-RjUL20211209050910.0140318s1993 nyua b 001 0 eng a0393962873 (v.1,hbk) a0393962881 (v.1,pbk) a039396289X (v.2,hbk) a0393962903 (v.2,pbk) a(BD-RjUL)25645 aDLCbengcDLCdBD-RjUL aeng04a810.8bNOT 199322004aThe Norton anthology of English literature /cM.H. Abrams, general ednVolume-2 a6th ed. aNew York :bNorton,cc1993 aV-2 (xli, 2543 p.) :bill., end paper maps ;c22 cm. aIncludes bibliographical reference and indexes. 0aEnglish literature1 aAbrams, M. H.q(Meyer Howard),d1912-